[Event "Hessen-ch C"]
[Site "Frankfurt/Main"]
[Date "2019.06.02"]
[Round "7"]
[White "Spiegel, Nina"]
[Black "Rettenmayr, Stefan"]
[Result "1-0"]
[WhiteElo "1571"]
[BlackElo "1261"]
[PlyCount "95"]
[EventDate "2019.05.30"]
[EventType "swiss"]
[EventRounds "7"]
[EventCountry "GER"]

1. e4 c5 2. Nf3 g6 3. d4 cxd4 4. Nxd4 Nf6 5. Nc3 d6 6. Be3 Bg7 7. f3 O-O 8. Qd2
Nc6 9. O-O-O d5 10. Bh6 Bxh6 11. Qxh6 Nxd4 12. Rxd4 Qb6 13. Rd1 dxe4 14. fxe4
Ng4 15. Qf4 Nf2 16. Nd5 Rd8 17. Nxe7+ Kf8 18. Rxd8+ Qxd8 19. Nxg6+ hxg6 20.
Qxf2 Be6 21. Be2 Rc8 22. Rf1 Qg5+ 23. Qf4 Qxf4+ 24. Rxf4 Bxa2 25. Bd3 Kg7 26.
e5 Be6 27. Kd2 Rc5 28. Re4 Bd5 29. Re2 a5 30. g3 Rc6 31. Re3 f5 32. exf6+ Rxf6
33. Re5 Bc6 34. Rxa5 Rf2+ 35. Kc3 Kf6 36. h4 Rg2 37. Rg5 Be8 38. Be4 Re2 39.
Bxb7 Re7 40. Ba6 Bf7 41. Bc4 Rc7 42. b3 Rc8 43. Kd4 Rd8+ 44. Kc3 Rc8 45. Kb4
Rb8+ 46. Rb5 Rxb5+ 47. Kxb5 Kf5 48. Bxf7 1-0

[Event "Hessen-ch C"]
[Site "Frankfurt/Main"]
[Date "2019.06.02"]
[Round "7"]
[White "Urbach, Jens"]
[Black "Elpelt, Silvia"]
[Result "1/2-1/2"]
[WhiteElo "1509"]
[BlackElo "1413"]
[PlyCount "54"]
[EventDate "2019.05.30"]
[EventType "swiss"]
[EventRounds "7"]
[EventCountry "GER"]

1. e4 e5 2. Nf3 Nc6 3. d4 d6 4. dxe5 Nxe5 5. Nxe5 dxe5 6. Qxd8+ Kxd8 7. Bc4 f6
8. O-O Bc5 9. Rd1+ Ke7 10. Nd2 Be6 11. Bxe6 Kxe6 12. Nb3 Bb6 13. g4 h6 14. c4
a6 15. Kg2 Ne7 16. f4 Nc6 17. f5+ Ke7 18. a3 Nd4 19. Nxd4 Bxd4 20. Rb1 Rad8 21.
Bd2 b6 22. Kf3 Rd7 23. Be3 Rhd8 24. Rd3 Bxe3 25. Rxd7+ Rxd7 26. Kxe3 Rd4 27.
Rc1 c6 1/2-1/2